| 000 | 00658nam a2200217Ia 4500 | ||
|---|---|---|---|
| 005 | 20250508165002.0 | ||
| 008 | 008 250505s9999 xx 000 0 eng d | ||
| 020 | _a978-81-321-0468-1 | ||
| 037 | _aTextual | ||
| 040 |
_aFEDL _beng _cFEDL |
||
| 041 |
_aeng _2eng |
||
| 084 |
_a362.5561, SOB _qFEDL |
||
| 100 | _aSobhan Rehman | ||
| 245 | 0 | _aChallenging the injustice of poverty: Agendas for inclusive development in South Asia | |
| 260 |
_aNew Delhi, India _bSage Publications _c2010 |
||
| 300 | _axxx,486p. | ||
| 365 |
_aINR _b895 |
||
| 650 | _aEconomic development | ||
| 942 |
_cTEXL _h362.5561, SOB |
||
| 999 |
_c1392492 _d1392492 |
||